000 00443nam a22001817a 4500
003 MPLRDC
005 20220104143020.0
008 210129b ||||| |||| 00| 0 eng d
020 _a986-177-215-8
082 _a428.8 GRA
100 _aJOHN GRAY
245 _a正向教养这样教
_c阮贞樺译
250 _a初版
260 _a台湾
_b晨星出版有限公司
_c2008
300 _b292
650 _a育儿
942 _cBK
_o428.8 GRA
999 _c35803
_d35793